Galileo Galilei: Estudio de su obra astronómica "Diálogo sobre los sistemas máximos". Jornada Tercera
Guardado en:
| Autor principal: | |
|---|---|
| Formato: | Libro |
| Lenguaje: | Undetermined |
| Publicado: |
San José, Costa Rica
Escuela de Filosofía, Universidad de Costa Rica
1988
|
| Materias: | |
| Etiquetas: |
Agregar Etiqueta
Sin Etiquetas, Sea el primero en etiquetar este registro!
|
MARC
| LEADER | 00000nam a2200000Ia 4500 | ||
|---|---|---|---|
| 008 | 170316s9999 xx 000 0 und d | ||
| 040 | |a cru BVZT | ||
| 090 | |a TESIS 400 | ||
| 100 | |a Jiménez Hernández, Jorge | ||
| 245 | |a Galileo Galilei: Estudio de su obra astronómica "Diálogo sobre los sistemas máximos". Jornada Tercera | ||
| 260 | |a San José, Costa Rica | ||
| 260 | |b Escuela de Filosofía, Universidad de Costa Rica | ||
| 260 | |c 1988 | ||
| 300 | |a 264 páginas | ||
| 650 | |a LICENCIATURA EN FILOSOFÍA | ||
| 650 | |a TRABAJO FINAL DE GRADUACIÓN | ||
| 999 | |c 14036 |d 14036 | ||
| 942 | |c TFG |h TESIS 400 |2 z | ||
